000 01046cam a22003257a 4500
001 000017300
003 CHAP
005 20220329134144.0
008 971013s1961 r 00010 d
010 _a16261
011 _a17233
035 _a21316
040 _cCHAP
090 _aFolleto 8323
100 0 0 _aGutiérrez Jiménez, Mario.
_951740
245 1 3 _aLa preparación del manuscrito para una revista científica agrícola.
260 _a(México, D.F.,) :
_bInstituto Nacional de Investigaciones Agrícolas,
_c(1961?).
300 _a20 p. :
_b: ilus.
590 _aBATCH-UPD
_b10
_c20130110
_lUCH01
_h1607
590 _aBATCH-UPD
_b10
_c20130410
_lUCH01
_h1003
590 _aBATCH-UPD
_b10
_c20130914
_lUCH01
_h2049
590 _aCONVERSION
_b10
_c20130109
_lUCH01
_h1310
590 _aE6096MTM
_b05
_c20150910
_lUCH01
_h1034
650 1 4 _aTrabajos científicos
_xElaboración.
_9114562
901 _aBK
942 _cFOLL
942 _n0
949 _bBC
_cFOLL
_d-49669
_eB
_i21316
_mD
_si
949 _bBC
_cFOLL
_d-49670
_eB
_fc.2
_i21316
_mD
_si
999 _c16261
_d16261